| 000 | 00998cad a22002535a 4500 | ||
|---|---|---|---|
| 001 | L160098 | ||
| 008 | 100611s2009 xxk f 000 0 eng d | ||
| 035 | _a(Sirsi) u160098 | ||
| 041 | 0 | _aeng | |
| 110 | 2 | _aFederation International Des Geometres | |
| 111 | 2 |
_aFIG / World Bank Conference Washington DC, USA _d9 - 10 March 2009 |
|
| 245 | 0 | 0 |
_aInstitutional investment into agricultural activities _b Potential benefits and pitfalls _h[electronic resource] |
| 260 |
_aWashington _bFIG _c2009 |
||
| 520 | _aDiscusses investment opportunities into agricultural activities. | ||
| 521 | _aAdvanced | ||
| 590 | _aKA | ||
| 650 | 2 | 4 | _aENVIRONMENTAL AND LAND CONSULTANCY-AGRIBUSINESS-AGRICULTURE |
| 650 | 2 | 4 | _aINVESTMENT |
| 651 | 4 | _aInternational | |
| 690 |
_aLand use _96251 |
||
| 700 | 1 | _aSelby, Angus | |
| 856 | 4 | 0 |
_uhttps://www.rics.org/Global/Downloads/RICS_FIG_Measures_to_Enhance_Trust_in_Land_Administration_Systems.pdf _zView the presentation free of charge at www.rics.org |
| 942 | _n0 | ||
| 999 |
_c116214 _d116214 |
||